Statistics for Top 20 Countries at the Olympic Games (Swimming)

Click here to take the quiz!

General Stats

  • This quiz has been taken 269 times
  • The average score is 15 of 20

Answer Stats

Hint Athletics Gold Medals % Correct
1United States246
100%
2Australia60
96%
13Russia5
96%
6Great Britain16
95%
11France8
94%
8China13
94%
14Italy5
89%
4Japan22
89%
7Germany13
88%
20Spain2
87%
10Canada8
87%
9Sweden9
78%
5Netherlands22
70%
12South Africa6
69%
3Hungary28
65%
16Denmark3
59%
18Ireland3
51%
15Ukraine4
45%
17Romania3
44%
19Zimbabwe2
13%

Score Distribution

Percentile by Number Answered

Percent of People with Each Score

Your Score History

You have not taken this quiz